| 000 | 01615cam a22001815a 4500 | ||
|---|---|---|---|
| 001 | L155786 | ||
| 008 | 120416m17981801xxk f 000 0 eng d | ||
| 035 | _a(Sirsi) u155786 | ||
| 041 | 0 | _aeng | |
| 100 | 1 |
_aShaw, Stebbing _d1762-1802 |
|
| 245 | 0 | 4 |
_aThe history and antiquities of Staffordshire _bCompiled from the manuscripts of Huntbach, Loxdale, Bishop Lyttelton, and other collections of Dr. Wilkes. The Rev. T. Feilde, &c. &c. including Erdeswick's survey of the county; and the approved parts of Dr. Plot's natural history. The whole brought down to the present time; interspersed with pedigrees and anecdotes of families; observations on agriculture, commerce, mines, and manufactories; and illustrated with a very full and correct new map of the county, agri staffordiensis icon, and numerous other plates. By the Rev. Stebbing Shaw, B.D. F.A.S. and fellow of Queen's College, Cambridge. ... . Containing the antient and modern history of thirty parishes in the hundred of offlow, arranged geographically, with an appendix of the most curious charters, &c. illustrated with sixty-two copper plates, and a copious index |
| 260 |
_aLondon _bprinted by and for J. Nichols, Red Lion-Passage, Fleet-Street. Sold also by J. Robson, New Bond-Street; T. Payne, Mews-Gate; J. White, Fleet-Street; and all the principal booksellers in Staffordshire and the adjoining counties _cM.DCC.XCVIII. [1798]-1801 |
||
| 300 |
_a2v., plates, tables _bill., maps _c2o |
||
| 583 | 0 |
_aCondition reviewed _c20120620 _lcondition level 2 and 3, loose boards |
|
| 651 | 4 |
_aEngland _y886- |
|
| 690 |
_aInfrastructure _96246 |
||
| 942 | _n0 | ||
| 999 |
_c113822 _d113822 |
||